000
00295nam a2200097Ia 4500
082
_a
AKF VARK
245
0
_a
Little Lucky Lolo en die Cola Cup-kompetisie
100
_a
TADJO, Veronique Auckland Park, South Africa, 2011
_9
46529
942
_c
BK
008
210817s9999 xx 000 0 und d
999
_c
155453
_d
155452